Matemática (Record no. 140357)
[ view plain ]
| 000 -LÍDER | |
|---|---|
| campo de controle de tamanho fixo | 01029 a2200193 4500 |
| 001 - NÚMERO DE CONTROLE | |
| campo de controle | 140357 |
| 040 ## - FONTE DA CATALOGAÇÃO | |
| Instituição que transcreveu o registro | Leonardo Da Vinci |
| 041 ## - CÓDIGO DE IDIOMA | |
| Código do idioma do texto/trilha sonora ou título diferente | Português |
| 082 ## - CDD - CLASSIFICAÇÃO DECIMAL DE DEWEY | |
| Número de Classificação | 372.7 A97m |
| Número do exemplar | A97m |
| 100 ## - ENTRADA PRINCIPAL--NOME PESSOAL | |
| Nome pessoal | AVERBUCH, Anna |
| -- | GOTTLIEB, Franca Cohen |
| -- | SANCHES, Lucilia Bechara |
| -- | LIBERMAN, Manhucia P |
| 245 ## - TÍTULO | |
| Título | Matemática |
| Restante do título | 7ª série; 1º grau |
| 250 ## - EDIÇÃO | |
| Edição | 3.ed |
| 260 ## - PUBLICAÇÃO, DISTRIBUIÇÃO, ETC. | |
| Nome do editor, distribuidor, etc. | Solução |
| Data da publicação, distribuição, etc. | 1990 |
| Local de publicação, distribuição, etc. | São Paulo |
| 300 ## - DESCRIÇÃO FÍSICA | |
| Extensão | 216 |
| 362 ## - DATAS DE PUBLICAÇÃO E/OU DESIGNAÇÃO SEQUENCIAL | |
| Datas de publicação e/ou designação sequencial | 19900000 |
| 490 ## - TÍTULO DA SÉRIE | |
| Título da série | Saber e fazer |
| 697 ## - ENTRADA DE ASSUNTO LOCAL--ENTIDADE COLETIVA (RLIN) | |
| Nome corporativo ou nome da jurisdição | Matemática |
| -- | Conjuntos |
| -- | Número real |
| -- | Número racional |
| -- | Número irracional |
| -- | Módulo |
| -- | Potência |
| -- | Expressão algébrica |
| -- | Polinômio |
| -- | Monômio |
| -- | Identidade |
| -- | Produto notável |
| -- | Fatoração |
| -- | Mínimo múltiplo comum |
| -- | Fração algébrica |
| -- | Equação do 1. grau |
| -- | Equação |
| -- | Inequação |
| -- | Desigualdade |
| -- | Produto cartesiano |
| -- | Plano cartesiano |
| -- | Geometria |
| -- | Ponto |
| -- | Reta |
| -- | Plano |
| -- | Ângulo |
| -- | Polígono |
| -- | Circunferência |
| -- | Congruência |
| -- | Convexos |
| -- | Triângulo |
| -- | Altura |
| -- | Mediana |
| -- | Bissetriz |
| -- | Mediatriz |
| -- | Quadriláteros |
| -- | Círculo |
| -- | Arco |
| -- | Ensino Fundamental 2. ciclo |
| 942 ## - ELEMENTOS DE ENTRADA ADICIONADOS (KOHA) | |
| Tipo de material Koha | Livros |
| Situação do descarte | Situação das perdas | Situação física | Não pode ser emprestado | Biblioteca de origem | Biblioteca atual | Data de aquisição | Total de empréstimos | Número de chamada completo | Código de barras | Data de último acesso | Data do preço efetivo | Tipo de material Koha |
|---|---|---|---|---|---|---|---|---|---|---|---|---|
| Leonardo Da Vinci - Osasco | Leonardo Da Vinci - Osasco | 27/03/2024 | 372.7 A97m | O007647 | 27/03/2024 | 27/03/2024 | Livros | |||||
| Leonardo Da Vinci - Osasco | Leonardo Da Vinci - Osasco | 27/03/2024 | 372.7 A97m | O007660 | 27/03/2024 | 27/03/2024 | Livros |